| 000 | 00976nam a2200229Ia 4500 | ||
|---|---|---|---|
| 999 |
_c40045 _d40045 |
||
| 001 | 6651 | ||
| 003 | GE_BSU | ||
| 005 | 20191125121610.0 | ||
| 008 | 181216s1985||||ge |||||||||||||| ||geo|| | ||
| 040 | _cGE_BSU | ||
| 041 | _ageo | ||
| 080 | _a821.353.1-32 გ-19 | ||
| 100 |
_aგამსახურდია, კონსტანტინე. _91395 |
||
| 245 |
_aთხზულებანი[ათტომეული] ტომი მერვე : _bწერილები / _cკონსტანტინე გამსახურდია ; რედ. ნ. ინასარიძე. |
||
| 264 |
_aთბილისი : _bსაბჭ.საქართველო, _c1985. |
||
| 300 |
_a526 გვ. ; _c22 სმ. |
||
| 653 | _aთხზულებანი | ||
| 653 | _aწერილები | ||
| 653 | _aათტომეული | ||
| 700 |
_aინასარიძე, ნ. _eრედაქტორი _91193 |
||
| 942 |
_cBK _2udc |
||